| 000 | 00635nam a2200229Ia 4500 | ||
|---|---|---|---|
| 008 | 191119s9999 xx 000 0 und d | ||
| 020 | _a978-971-98-1103-9 | ||
| 050 | _aFIL BF 199 | ||
| 050 | _b.M66 2018 | ||
| 100 | _aMonilla, Ma. Jocelyn A. Go - | ||
| 245 | 0 | _aUnderstanding the self / | |
| 245 | 0 | _cMa. Jocelyn A. Go-Monilla, Normaliza C. Ramirez. | |
| 260 | _aPhilippines : | ||
| 260 | _bC&E Publishing, | ||
| 260 | _c2018 | ||
| 300 | _a250 pages : | ||
| 300 | _billustrations ; | ||
| 300 | _c22 cm. | ||
| 500 | _aIncludes bibliographic references and index. | ||
| 650 | _aPsychology. | ||
| 650 | _xHuman behavior. | ||
| 999 |
_c363092 _d363092 |
||